Microchip fabrication : a practical guide to semiconductor processing / (Record no. 62572)
[ view plain ]
| 000 -LEADER | |
|---|---|
| fixed length control field | 01456cam a2200325 i 4500 |
| 001 - CONTROL NUMBER | |
| control field | 17974983 |
| 003 - CONTROL NUMBER IDENTIFIER | |
| control field | NUST - PNEC |
| 005 - DATE AND TIME OF LATEST TRANSACTION | |
| control field | 20170116180751.0 |
| 008 - FIXED-LENGTH DATA ELEMENTS--GENERAL INFORMATION | |
| fixed length control field | 131218s2014 nyua b 001 0 eng |
| 010 ## - LIBRARY OF CONGRESS CONTROL NUMBER | |
| LC control number | 2013043733 |
| 020 ## - INTERNATIONAL STANDARD BOOK NUMBER | |
| International Standard Book Number | 9780071821018 (hardback) |
| 040 ## - CATALOGING SOURCE | |
| Transcribing agency | LIBRARY |
| 042 ## - AUTHENTICATION CODE | |
| Authentication code | pcc |
| 050 00 - LIBRARY OF CONGRESS CALL NUMBER | |
| Classification number | TK7871.85 |
| Item number | .V36 2014 |
| 082 00 - DEWEY DECIMAL CLASSIFICATION NUMBER | |
| Classification number | 621.38152 ZAN |
| Edition number | 23 |
| 084 ## - OTHER CLASSIFICATION NUMBER | |
| Classification number | TEC008090 |
| Number source | bisacsh |
| 100 1# - MAIN ENTRY--PERSONAL NAME | |
| Personal name | Van Zant, Peter, |
| Relator term | author. |
| 245 10 - TITLE STATEMENT | |
| Title | Microchip fabrication : a practical guide to semiconductor processing / |
| Statement of responsibility, etc. | Peter Van Zant. |
| 250 ## - EDITION STATEMENT | |
| Edition statement | Sixth edition. |
| 260 ## - PUBLICATION, DISTRIBUTION, ETC. | |
| Place of publication, distribution, etc. | New York : |
| Name of publisher, distributor, etc. | McGraw-Hill Professional, |
| Date of publication, distribution, etc. | c2014 |
| 300 ## - PHYSICAL DESCRIPTION | |
| Extent | xxiii, 548 pages : |
| Other physical details | illustrations ; |
| Dimensions | 24 cm |
| 504 ## - BIBLIOGRAPHY, ETC. NOTE | |
| Bibliography, etc. note | Includes bibliographical references and index. |
| 520 ## - SUMMARY, ETC. | |
| Summary, etc. | "This fully updated introduction to semiconductor manufacturing--the industry that drives high tech--offers a low-math, straightforward approach to the entire process, from raw materials through shipping the finished, packaged device"-- |
| 650 #0 - SUBJECT ADDED ENTRY--TOPICAL TERM | |
| Topical term or geographic name entry element | Semiconductors |
| 650 #0 - SUBJECT ADDED ENTRY--TOPICAL TERM | |
| Topical term or geographic name entry element | Integrated circuits |
| General subdivision | EE, EL |
| 856 ## - ELECTRONIC LOCATION AND ACCESS | |
| Uniform Resource Identifier | <a href="http://www.amazon.com/Microchip-Fabrication-Sixth-Semiconductor-Processing/dp/0071821015/ref=sr_1_1?s=books&ie=UTF8&qid=1426057650&sr=1-1&keywords=9780071821018">http://www.amazon.com/Microchip-Fabrication-Sixth-Semiconductor-Processing/dp/0071821015/ref=sr_1_1?s=books&ie=UTF8&qid=1426057650&sr=1-1&keywords=9780071821018</a> |
| 906 ## - LOCAL DATA ELEMENT F, LDF (RLIN) | |
| a | 7 |
| b | cbc |
| c | orignew |
| d | 1 |
| e | ecip |
| f | 20 |
| g | y-gencatlg |
| 942 ## - ADDED ENTRY ELEMENTS (KOHA) | |
| Source of classification or shelving scheme | |
| Koha item type | Book |
| Withdrawn status | Lost status | Source of classification or shelving scheme | Damaged status | Not for loan | Permanent Location | Current Location | Shelving location | Date acquired | Source of acquisition | Cost, normal purchase price | Total Checkouts | Full call number | Barcode | Date last seen | Cost, replacement price | Price effective from | Koha item type |
|---|---|---|---|---|---|---|---|---|---|---|---|---|---|---|---|---|---|
| Pakistan Navy Engineering College (PNEC) | Pakistan Navy Engineering College (PNEC) | Reference | 03/06/2015 | ZS Dictionary Shop / Library Grant | 12130.00 | 621.38152 ZAN | PNECLIB-032076 | 03/11/2015 | 12130.00 | 03/06/2015 | Book |
